Normal view
MARC view
- Jadhavar, S. U. And Others
Entry Personal Name
001 - CONTROL NUMBER
- control field: 76564
003 - CONTROL NUMBER IDENTIFIER
- control field: OSt
005 - DATE AND TIME OF LATEST TRANSACTION
- control field: 20220806113110.0
008 - FIXED-LENGTH DATA ELEMENTS
- fixed length control field: 220806|| aca||aabn | a|a d
040 ## - CATALOGING SOURCE
- Original cataloging agency: OSt
- Transcribing agency: OSt
100 ## - HEADING--PERSONAL NAME
- Personal name: Jadhavar, S. U. And Others
670 ## - SOURCE DATA FOUND
- Source citation: Work cat.: (OSt)42511: Jadhavar, S. U. And Others, Advanced Cost Accounting And Cost System - VI (Management Audit) M.Com.-II (Sem.-II), 2014